Economics: Principles and Application (Record no. 2105)

MARC details
005 - DATE AND TIME OF LATEST TRANSACTION
control field 20250507122523.0
020 ## - INTERNATIONAL STANDARD BOOK NUMBER
International Standard Book Number 978-0-324-42145-3
082 ## - DEWEY DECIMAL CLASSIFICATION NUMBER
Classification number LECT 330 HAL
100 ## - MAIN ENTRY--PERSONAL NAME
Author name HALL, R, E.
245 ## - TITLE STATEMENT
Title Economics: Principles and Application
250 ## - EDITION STATEMENT
Edition statement 4th Ed,
260 ## - PUBLICATION, DISTRIBUTION, ETC.
Place of publication, distribution, etc. Canada,
Name of publisher, distributor, etc. Thomson South-Western,
Date of publication, distribution, etc. 2008.
300 ## - PHYSICAL DESCRIPTION
Extent xxiii, 893p.: ill.; figures, graph, picture, tables
Other physical details glossary, index
Dimensions 26cm,
700 ## - ADDED ENTRY--PERSONAL NAME
Other authors/Editors LIEBERMAN, M.
856 ## - ELECTRONIC LOCATION AND ACCESS
Link text Access online book
Electronic name Economics: Principles and Application
Path www.thomsonedu.com/economics
942 ## - ADDED ENTRY ELEMENTS (KOHA)
Source of classification or shelving scheme Dewey Decimal Classification
Koha item type Books
Holdings
Date last seen Total checkouts Full call number Barcode Cost, replacement price Price effective from Koha item type Lost status Source of classification or shelving scheme Damaged status Not for loan Withdrawn status Home library Current library Shelving location Date acquired Cost, normal purchase price
05/07/2025   LECT 330 HAL 0000008060 135000.00 05/07/2025 Books   Dewey Decimal Classification       College of Business Education Main Library College of Business Education Main Library General Collection 11/28/2014 45000.00